03386cam a22004095i 450000100090000000300090000900500170001800800410003502000180007604000370009408200230013110000300015424500480018426400670023230000460029933600260034533700260037133800360039734700240043350000210045750503620047852015270084058800550236765000360242265000330245865000230249165300230251465500240253777600760256177600360263777600360267377600360270990600450274594200120279099900170280295201570281921735870EG-ScBUE20220302125335.0180528s2019 sz a f 001 0 eng d a9783319916828 aDLCbengerdaepncDLCdEG-ScBUE04a620.00151222bPOT1 aPotter, Merle C,eauthor.10aEngineering analysis /cby Merle C. Potter. 1aCham, Switzerland :bSpringer International Publishing,c2019. axiii, 434 pages :billustrations ;c24 cm atextbtxt2rdacontent acomputerbc2rdamedia aonline resourcebcr2rdacarrier atext filebPDF2rda aIncludes index. 0 aChapter 1: Ordinary Differential Equations -- Chapter 2: Power Series Methods -- Chapter 3: Laplace Transforms -- Chapter 4: Matrices and Determinants -- Chapter 5: Vector Analysis -- Chapter 6: Partial Differential Equations -- Chapter 7: Complex Variables -- Chapter 8: Numerical Methods.-Bibliography -- Appendix -- Answers to Selected Problems -- Index. aThe purpose of this book is to introduce undergraduate students of engineering and the physical sciences to applied mathematics often essential to the successful solutions of practical problems. The topics selected are a review of Differential Equations, Laplace Transforms, Matrices and Determinants, Vector Analysis, Partial Differential Equations, Complex Variables, and Numerical Methods. The style of presentation is such that the step-by-step derivations may be followed by the reader with minimum assistance. Liberal use of approximately 160 examples and 1000 homework problems serves to aid students in their study. This book presents mathematical topics using derivations (similar to the technique used in engineering textbooks) rather than theorems and proofs typically found in textbooks written by mathematicians. Engineering Analysis is uniquely qualified to help apply mathematics to physical applications (spring-mass systems, electrical circuits, conduction, diffusion, et cetera), in a manner as efficient and understandable as possible. This book was written to provide for an additional mathematics course after differential equations, to permit several topics to be introduced in one semester, and to make the material comprehensible to undergraduates.The book comes with an Instructor Solutions Manual, available on request, that provides solutions to all problems and also a Student Solutions Manual that provides solutions to select problems (the answers to which are given at the back of the book). aDescription based on publisher-supplied MARC data. 7aEngineering mathematics.2BUEsh 7aMathematical physics.2BUEsh 7aStatistics.2BUEsh bGGENcFebruary2022 vReading book93423208iPrint version:tEngineering analysis.z9783319916828w(DLC) 201894198808iPrinted edition:z978303006279808iPrinted edition:z978331991682808iPrinted edition:z9783319916842 a0bibccorigresduencipf20gy-gencatlg 2ddccBB c29822d29793 00102ddc40708AlahramaMAINbMAINc1STd2022-03-02ePurchaseg1349.00h281l0o620.00151 POTp000056181r2025-07-15 00:00:00v1686.25w2022-03-02yBB